Schaum's outline of theory and problems of basic circuit analysis/ (Record no. 113)
[ view plain ]
| 000 -LEADER | |
|---|---|
| fixed length control field | 00818nam a22002535a 4500 |
| 008 - FIXED-LENGTH DATA ELEMENTS--GENERAL INFORMATION | |
| fixed length control field | 150816t1992 -usa|||fr|||| 001 0 eng d |
| 020 ## - INTERNATIONAL STANDARD BOOK NUMBER | |
| International Standard Book Number | 0070478244 |
| 020 ## - INTERNATIONAL STANDARD BOOK NUMBER | |
| International Standard Book Number | 9780070478244 |
| 040 ## - CATALOGING SOURCE | |
| Original cataloging agency | EG-ScBUE |
| Language of cataloging | eng |
| Transcribing agency | EG-ScBUE |
| 082 04 - DEWEY DECIMAL CLASSIFICATION NUMBER | |
| Classification number | 621.3192 |
| Item number | OMA |
| Edition number | 22 |
| 100 1# - MAIN ENTRY--PERSONAL NAME | |
| Personal name | O'malley, John |
| 245 10 - TITLE STATEMENT | |
| Title | Schaum's outline of theory and problems of basic circuit analysis/ |
| Remainder of title | John O'Malley. |
| 250 ## - EDITION STATEMENT | |
| Edition statement | 2nd ed. |
| 260 ## - PUBLICATION, DISTRIBUTION, ETC. (IMPRINT) | |
| Place of publication, distribution, etc | New York : |
| Name of publisher, distributor, etc | McGraw-Hill , |
| Date of publication, distribution, etc | c.1992. |
| 300 ## - PHYSICAL DESCRIPTION | |
| Extent | ix, 419 p. : |
| Other physical details | ill. ; |
| Dimensions | 28 cm. |
| 490 ## - Series Statement | |
| Series statement | Schaum's outline. |
| 500 ## - GENERAL NOTE | |
| General note | Index : p. 415-419. |
| 590 ## - LOCAL NOTE (RLIN) | |
| Local note | yassmeen ashraf |
| 650 ## - SUBJECT ADDED ENTRY--TOPICAL TERM | |
| Topical term or geographic name as entry element | Electric Circuit Analysis |
| Source of heading or term | BUEsh |
| 650 ## - SUBJECT ADDED ENTRY--TOPICAL TERM | |
| Topical term or geographic name as entry element | Electric circuit analysis |
| General subdivision | Data processing |
| Source of heading or term | BUEsh |
| 9 (RLIN) | 23388 |
| 651 ## - SUBJECT ADDED ENTRY--GEOGRAPHIC NAME | |
| Source of heading or term | BUEsh |
| 653 ## - INDEX TERM--UNCONTROLLED | |
| Resource For college | Informatics and Computer Science |
| Arrived date list | August2015 |
| 942 ## - ADDED ENTRY ELEMENTS (KOHA) | |
| Item type | Book - Borrowing |
| Call number prefix | 621.319 OMA |
| Source of classification or shelving scheme | Dewey Decimal Classification |
| Withdrawn status | Item status | Source of classification or shelving scheme | Damaged status | Not for loan | Vendor | Home library | Current library | Shelving location | Date acquired | Source of acquisition | Cost, normal purchase price | Total Checkouts | Full call number | Barcode | Date last seen | Cost, replacement price | Koha item type | Date last borrowed | Serial Enumeration / chronology |
|---|---|---|---|---|---|---|---|---|---|---|---|---|---|---|---|---|---|---|---|
| Dewey Decimal Classification | Central Library | Central Library | First floor | 22/12/2005 | 120.00 | 621.3192 OMA | 000004655 | 15/07/2025 | 150.00 | Book - Borrowing | |||||||||
| Dewey Decimal Classification | Central Library | Central Library | First floor | 22/12/2005 | 120.00 | 621.3192 OMA | 000004654 | 15/07/2025 | 150.00 | Book - Borrowing | |||||||||
| Dewey Decimal Classification | Central Library | Central Library | First floor | 06/08/2013 | 120.00 | 4 | 621.3192 OMA | 000003575 | 15/07/2025 | 150.00 | Book - Borrowing | 24/09/2013 | |||||||
| Dewey Decimal Classification | Alahram | Central Library | Central Library | First floor | 12/02/2009 | 120.00 | 621.3192 OMA | 000014811 | 15/07/2025 | 150.00 | NB - Book (Non borrowing) | 6384 |